01297 2200217 4500001002100000005001500021035002000036007000300056008004100059020002200100082001400122084002000136100003300156245007700189250001200266260004500278300004800323700002800371520064600399600003401045INLIS00000000000236420260415082023 a0010-0426000042ta260415 j 1 ind  a978-979-040-128-0 a899.221.3 a899.221.3 FIT p0 aFitri Restiana ( Pengarang )1 aPetualangan ke negeri akhlatusia /cFitri Restiana; editor, D. Kurniawan aCet.III aSukoharjo :bWangsa jatra lestari,c2020 a192 hlm :biIus,bergambar,berwarna ;c25 cm0 aD. Kurniawan ( Editor ) aBersama seekor hewan ajaib Raya bertualang menuju Negeri Akhlatusia untuk belajar banyak tentang akhlak dan mendapatkan pengalaman tak terlupakan Tentu saja mereka juga akan menghadapi aneka rintangan dan hambatan Siapakah hewan ajaib itu Bagaimana Raya bisa bersahabat dengannya Kenapa dia ingin menemani Raya bertualang Dan apa saja yang akan mereka temukan dalam perjalanan Ikuti perjalanan mereka mengembara di sepuluh kota yang penuh cerita seru Ada kota Jurga Dustville Bountcave dan banyak lagi Sepuluh kota itu dihuni oleh penduduk yang mencirikan nama kotanya Yang pasti petualangan ini akan banyak menguras waktu tenaga dan pikiran 4aFiksi indonesia - bacaan anak